In Cold Blood

Сохранить в:
Библиографические подробности
Главный автор: Capote, Truman
Формат:
Язык:English
Опубликовано: New York, Estados Unidos The New American Library 1965
Предметы:
Метки: Добавить метку
Нет меток, Требуется 1-ая метка записи!

MARC

LEADER 00000nam a2200000Ia 4500
008 170316s9999 xx 000 0 eng d
999 |c 28755  |d 28755 
040 |a cru BVZT 
090 |a F-810 C-5i 
100 |a Capote, Truman 
245 |a In Cold Blood 
260 |a New York, Estados Unidos 
260 |b The New American Library 
260 |c 1965 
300 |a 384 páginas 
650 |a LITERATURA ESTADOUNIDENSE  |9 25 
942 |c 15 D  |h F-810 C-5i  |2 z